| 000 | 00825nam a2200241 a 4500 | ||
|---|---|---|---|
| 001 | 000022940 | ||
| 005 | 20200930021902.0 | ||
| 008 | 101123s2003 mx a r 000 | spa d | ||
| 020 | _a970186557x | ||
| 040 |
_aDO-SdBNP _bspa _cBNPHU |
||
| 082 |
_axxx _bR425l |
||
| 245 | 1 | 3 |
_aLa repación de los libros / _cDirección Nacional de Bibliotecas. |
| 250 | _a2a ed. corr. y aum. | ||
| 260 |
_aMéxico D. F. : _bConsejo Nacional para la Cultura y las Artes(CONACULTA), _c2003. |
||
| 300 |
_a80 p. : _bil. ; _c21 cm. |
||
| 490 | 1 | _aApoyo a la Capacitación Bibliotecario | |
| 490 | _aInstructivos | ||
| 500 | _aPrimera reimpresión de la segunda edición | ||
| 610 |
_aDirección Nacional de Bibliotecas _947145 |
||
| 730 | 0 |
_aApoyo a la Capacitación Bibliotecario _947146 |
|
| 730 | 0 |
_aInstructivos _947147 |
|
| 049 | _aBNGR | ||
| 999 |
_c22437 _d22437 |
||